书目信息 |
| 题名: |
传热学
|
|
| 作者: | 比安什 , 福泰勒 , 埃戴 著 ;王晓东 译 | |
| 分册: | ||
| 出版信息: | 大连 大连理工大学出版社 2008 |
|
| 页数: | 476页 | |
| 开本: | 24cm | |
| 丛书名: | ||
| 单 册: | ||
| 中图分类: | TK124 | |
| 科图分类: | ||
| 主题词: | 传热学 | |
| 电子资源: | ||
| ISBN: | 978-7-5611-4148-9 | |
| 000 | 01248nam0 2200277 45 | |
| 001 | 1050863968 | |
| 005 | 20100420094643.35 | |
| 010 | @a978-7-5611-4148-9@dCNY88.00 | |
| 100 | @a20100409d2008 ekmy0chiy0120 ea | |
| 101 | 1 | @achi@cfre |
| 102 | @aCN@b210000 | |
| 105 | @aa z 000yy | |
| 106 | @ar | |
| 200 | 1 | @a传热学@AChuan Re Xue@dTransferts thermiques@f(罗) 安娜-玛丽娅·比安什(Ana - Maria Bianchi),(法) 伊夫·福泰勒(Yves Fautrelle),(法) 雅克琳娜·埃戴(Jacqueline Etay)著@F( Luo ) An Na- Ma Li Ya· Bi An Shi (Ana - Maria Bianchi),( Fa ) Yi Fu· Fu Tai Le (Yves Fautrelle),( Fa ) Ya Ke Lin Na· Ai Dai (Jacqueline Etay) Zhu@g王晓东译@zeng |
| 210 | @a大连@c大连理工大学出版社@d2008 | |
| 215 | @a476页@c图@d24cm | |
| 330 | @a本书介绍了传热学的各种现象和机制,讨论了不同的传热模式,包括:稳态和非稳态的热传导,强制对流和自然对流,相变过程的热、质传输等。 | |
| 510 | 1 | @aTransferts thermiques@zeng |
| 606 | 0 | @a传热学 |
| 690 | @aTK124@v4 | |
| 701 | 1 | @a比安什@ABi An Shi@g(女,Bianchi, Ana-Maria)@4著 |
| 701 | 1 | @a福泰勒@AFu Tai Le@g(Fautrelle, Yves)@4著 |
| 701 | 1 | @a埃戴@AAi Dai@g(女,Etay, Jacqueline)@4著 |
| 702 | 0 | @a王晓东@AWang Xiao Dong@4译 |
| 801 | 0 | @aCN@bTANGWEI@c20100420 |
| 905 | @b0591200-02@dTK124@e104@f3 | |
| 传热学=Transferts thermiques/(罗) 安娜-玛丽娅·比安什(Ana - Maria Bianchi),(法) 伊夫·福泰勒(Yves Fautrelle),(法) 雅克琳娜·埃戴(Jacqueline Etay)著/王晓东译.-大连:大连理工大学出版社,2008 |
| 476页:图;24cm |
| ISBN 978-7-5611-4148-9:CNY88.00 |
| 本书介绍了传热学的各种现象和机制,讨论了不同的传热模式,包括:稳态和非稳态的热传导,强制对流和自然对流,相变过程的热、质传输等。 |
| ● |
| 相关链接 |
|
|
|
|
正题名:传热学
索取号:TK124/104
 
预约/预借
| 序号 | 登录号 | 条形码 | 馆藏地/架位号 | 状态 | 备注 |
| 1 | 0591200 | 205912002 | 第二样本阅览室/ [索取号:TK124/104] | 在馆 | |
| 2 | 0591201 | 205912011 | 第三借阅区/ [索取号:TK124/104] | 在馆 | |
| 3 | 0591202 | 205912020 | 第三借阅区/ [索取号:TK124/104] | 在馆 |